Score 0/28 Timer 03:00
0 Plays Today
Clue 4-Letter Word % Correct
Courier or Times New Roman, e.g.FONT
91.5%
Military strongholdFORT
90.2%
Part of a school yearTERM
89.7%
Yankees or Man U, e.g.TEAM
89.7%
Fruit tree in 'The 12 Days of Christmas'PEAR
89.2%
A chemically induced hairstylePERM
88.9%
Where two pieces of fabric are sown togetherSEAM
88.7%
Crying eye outputTEAR
88.6%
Opposite of to borrowLEND
88.2%
AchySORE
86.9%
An opening in the skinPORE
86.3%
Organize foldersSORT
85.8%
Affectionate or lovingFOND
85.5%
Father, in FrenchPÈRE
85.4%
Clue 4-Letter Word % Correct
A piece of window glassPANE
84.1%
Ward off or repelFEND
83.6%
The Beatles' 'Penny ___'LANE
83.4%
'____ she blows!'THAR
80.7%
SoloLONE
79.2%
Actress Dunham who won for her HBO show 'Girls'LENA
75.6%
Take the skin off fruitPARE
74.9%
Burn the outside ofCHAR
74.5%
Last name of 'The Incredibles'PARR
60.3%
Jack who hosted the Tonight ShowPAAR
57.2%
Actor who Dunham thanked with [Rung 28]
who Hilary Swank forgot to thank in 2000
CHAD
42.6%
A hoaxSHAM
40.2%
A herring-like fishSHAD
33.9%
Actor who Dunham thanked with [Rung 17]
who Hilary Swank forgot to thank in 2000
LOWE
27%

Today's Daily Dose

Remove Ads.
Support Sporcle.
Get the best of Sporcle when you Go Orange. This ad-free experience offers more features, more stats, and more fun while also helping to support Sporcle. Thank you for becoming a member.

You're not logged in!

Compare scores with friends on all Sporcle quizzes.
OR
Log In

Show Comments

Extras

Top Quizzes Today


Score Distribution

Your Account Isn't Verified!

In order to create a playlist on Sporcle, you need to verify the email address you used during registration. Go to your Sporcle Settings to finish the process.

Report this User

Report this user for behavior that violates our Community Guidelines.

Details: